000 00650nam a2200265Ia 4500
001 32479
005 20240114001607.0
007 ta
008 060826s1970 g b000 u 346 u
040 _aCotton College,Assam
041 _a346
082 _a891.443
_bP 21 L
100 _aParabat, .
245 0 _aLover`s Lane /
_cParabat.
_hTextual Documents
250 _a1st ed. /
260 _aCalcutta :
_bMousumi Prakashani ,
_c1970.
300 _a272p. ;
_c22cm.
653 _aBengali Fiction
653 _aG-Bengali
653 _aT/G-Bengali
942 _2ddc
_cBK
999 _c32461
_d32461